000 00734nam a2200145Ia 4500
008 171212s9999 xx 000 0 und d
020 _a9781557536471
100 _aTompkins, David G.
245 _cTompkins, David G.
_aComposing the Party Line
_bMusic and Politics in Early Cold War Poland and East Germany
260 _bPurdue University Press
_c2013
440 _aCentral European Studies
650 _aHistory
650 _aMusic -- Political aspects -- Poland -- History -- 20th century; Music -- Political aspects -- Germany (East) -- History -- 20th century; Music and state -- Poland -- History -- 20th century; Music and state -- Germany (East) -- History -- 20th century
856 _uhttp://www.jstor.org/stable/j.ctt6wq3gn
999 _c351625
_d351625